00267nam a2200109Ia 4500008004100000041001200041082001100053100001800064245006300082260000600145650000600151221030s9999 xx 000 0 und d aEnglish a105.23 aK. Subramanya 0aTheory & Applicaitons of Fluid Mechanciscby K. Subramanya c0 aB